| 000 | 00492nam a22001697a 4500 | ||
|---|---|---|---|
| 003 | OSt | ||
| 008 | 260627b |||||||| |||| 00| 0 eng d | ||
| 020 | _a9781786393364 | ||
| 082 |
_a307.72 _bD91D |
||
| 245 | _aDigital technologies for agricultural and rural development in the global south/ edited by R. Duncombe | ||
| 260 |
_aBoston : _bCABI, _c2018. |
||
| 300 | _axxi, 142 p. | ||
| 650 | _aSocial sciences | ||
| 650 | _aRural Development | ||
| 700 | _aDuncombe, R. | ||
| 942 |
_2ddc _cBK |
||
| 999 |
_c52370 _d52370 |
||